| 000 | 00482nam a2200169 i 4500 | ||
|---|---|---|---|
| 001 | 78435 | ||
| 003 | ES-MaACL | ||
| 005 | 20230906173711.0 | ||
| 007 | t| | ||
| 008 | 041014s1919 fr ||||1| fre d | ||
| 100 | 1 |
_aHauriou, Maurice. _962103 |
|
| 245 | 1 | 0 |
_aPrécis de Droit administratif et de Droit public / _cMaurice Hauriou. |
| 250 | _a9ème ed. | ||
| 260 |
_a[S.l. : _bs.n., _c1919] ( _eBordeaux : _fCadoret) |
||
| 300 |
_aXI, 1099 p. ; _c22 cm. |
||
| 852 |
_aES-MaACL _jD-4071 |
||
| 999 |
_c78435 _d78435 |
||